000 00649nam a2200193Ia 4500
003 GCL
008 140319s9999 xx 000 0 ara d
020 _a9419287977
040 _aGCL /
_cGCL
082 0 4 _a741.652
_bح ا
100 1 _aحسنين شفيق
245 1 0 _aالاسس العلمية فى تصميم المجلات /
_cحسنين شفيق
260 _aالقاهرة :
_bدار الكتب العلمية للنشر والتوزيع ،
_c2004
300 _a239ص ؛
_c25 سم
650 0 4 _aالدوريات الصحافية
650 0 4 _aالدوريات - تصميم
650 0 4 _aصفحات الدوريات
942 _2ddc
_cBK
999 _c32890
_d32890